• 首页
  • 本馆介绍
  • 公告通知
  • 最新文献
  • 馆藏检索
  • 电子资源
  • 读者导购
  • 参考咨询
  • 我的图书馆
  • 登录
  • 详细信息显示
  • 放入我的书架
  • 预约/预借图书
  • 作者相关作品
  • 分类相关作品
  • 丛书相关作品
  • 出版社相关作品

书目信息

  • 表格格式
  • 工作单格式
  • 卡片格式
题名:
建筑施工技术与机械
    
 
作者: 杨澄宇 , 周和荣 主编
分册:  
出版信息: 北京   高等教育出版社  2007
页数: 374页
开本: 26cm
丛书名:
单 册:
中图分类: TU74 , TU6
科图分类:
主题词: 建筑工程--教材--中等专业教育--工程施工 , 建筑机械--教材--中等专业教育
电子资源:
ISBN: 978-7-04-021080-4
000 00969nam0 2200277 450
001 3681
005 20160927091302.29
010    @a978-7-04-021080-4@b平装@dCNY32.30
100    @a20070327d2007 em y0chiy50 ea
101 0  @achi
102    @aCN@b110000
105    @aa z 000yy
200 1  @a建筑施工技术与机械@9jian zhu shi gong ji shu yu ji xie@f杨澄宇,周和荣主编
205    @a2版
210    @a北京@c高等教育出版社@d2007
215    @a374页@c图@d26cm
300    @a中等职业教育国家规划教材 工业与民用建筑专业
330    @a本书共分为十二章,包括土方工程,桩基础工程,钢筋混凝土工程,防水工程,装饰装修工程,结构安装工程,高层建筑施工等方面内容。
606 0  @a建筑工程@j教材@x中等专业教育@x工程施工
606 0  @a建筑机械@j教材@x中等专业教育
690    @aTU74@v4
690    @aTU6@v4
701  0 @a杨澄宇@9yang cheng yu@c(高级工程师)@4主编
701  0 @a周和荣@9zhou he rong@4主编
801  0 @aCN@b唐山师范学院图书馆@c20151001
905    @aZUCC@dTU74@e836=2
    
    建筑施工技术与机械/杨澄宇,周和荣主编.-2版.-北京:高等教育出版社,2007
    374页:图;26cm
    中等职业教育国家规划教材 工业与民用建筑专业
    
    ISBN 978-7-04-021080-4(平装):CNY32.30
    本书共分为十二章,包括土方工程,桩基础工程,钢筋混凝土工程,防水工程,装饰装修工程,结构安装工程,高层建筑施工等方面内容。
●
相关链接 在E读中查询图书 在五车中查询图书 在当当中查询图书 在豆瓣中查询图书


正题名:建筑施工技术与机械     索取号:TU74/836=2         预约/预借

序号 登录号 条形码 馆藏地/架位号 状态 备注
1 905840   209058400   第二样本阅览室/ [索取号:TU74/836=2] 在馆    
2 905841   209058419   第三借阅区/ [索取号:TU74/836=2] 在馆    
3 905842   209058428   第三借阅区/ [索取号:TU74/836=2] 在馆    
4 905843   209058437   第三借阅区/ [索取号:TU74/836=2] 在馆    
唐山师范学院图书馆 欢迎您!
大连网信软件有限公司© 版权所有